000 00297nam a22001337a 4500
020 _a9352300742
041 _aENG
100 _aMurthy.V.R.K
245 _aBasic Principles Of Agricural Meteorology
260 _aDelhi
_bBS Pub
_c2011
300 _a261
650 _aSWCE
856 _uSWCE ( 06 )
999 _c1888
_d1888